|
|
|
|
| LEADER |
01442njm a2200325 a 4500 |
| 001 |
000581147 |
| 003 |
CZ BrMZK |
| 005 |
20020128100038.0 |
| 008 |
010825s2001 xr f cze d |
| 028 |
0 |
1 |
|a 54 473-4
|b Popron Music
|
| 040 |
|
|
|a BOA001
|a BOA001
|b cze
|
| 080 |
|
|
|a 78.067.26
|2 MRF
|
| 080 |
|
|
|a (086.7)
|2 MRF
|
| 100 |
1 |
|
|a Holanová, Marcela,
|d 1951-
|7 mzk2003186020
|4 sng
|
| 245 |
1 |
0 |
|a Marcela Holanová 2001
|h [zvukový záznam]
|
| 260 |
|
|
|a Praha :
|b Popron Music,
|c p2001
|
| 300 |
|
|
|a 1 zvuková kazeta (43:36) :
|b analog, Dolby HX Pro +
|e 1 leták (10 x 33 cm)
|
| 500 |
|
|
|a Vydáno také na kompaktnní desce s objednacím číslem 54473-2
|
| 500 |
|
|
|a Nahráno ve studiu Spin SVK Liberec v r. 2001
|
| 505 |
0 |
0 |
|t Loudá se půlměsíc --
|t Setkání --
|t Jdi k té své --
|t Nepiš dál --
|t Já nevěřím --
|t Tvý oči lžou --
|t Ty troubo --
|t Cesty lásek --
|t Svět bláznů --
|t Pravá lásko --
|t Žárlím
|
| 511 |
0 |
|
|a Doprovázejí různí instrumentalisté a sbor
|
| 511 |
0 |
|
|a Marcela Holanová, Davide Mattioli, zpěv
|
| 511 |
0 |
|
|a Radoslav Brzobohatý, mluvené slovo
|
| 650 |
0 |
7 |
|a populární písně
|7 ph124354
|2 czenas
|
| 655 |
|
4 |
|a populární hudba
|
| 700 |
1 |
|
|a Mattioli, Davide
|7 xx0028703
|4 sng
|
| 700 |
1 |
|
|a Brzobohatý, Radoslav,
|d 1932-2012
|7 jn19990009812
|4 prf
|
| 910 |
|
|
|a BOA001
|b KZ-0009.962
|
| 990 |
|
|
|a AV
|
| 996 |
6 |
|
|b 261H010801
|c KZ-0009.962
|l MZK
|r Sklad / do 24 hodin
|n 0
|w 000581148
|u 000010
|a 1
|e BOA001
|j MZK50
|s P
|